000 00582nam a2200193Ia 4500
005 20250508160818.0
008 008 250505s9999 xx 000 0 eng d
020 _a0-07-059450-3
037 _aTextual
040 _aFEDL
_beng
_cFEDL
041 _aeng
_2eng
084 _a154.4, SNE
_qFEDL
100 _aSnelbecker Glenn E.
_9769433
245 0 _aLearning theory, instructional theory, and psychoeducational design
260 _aNew York, USA
_bMcGraw Hill Book Company
_c1974
300 _axvi,527p.
942 _cTEXL
_h154.4, SNE
999 _c1366763
_d1366763